Le Maroc pour les touristes... - Statistiques

Statistiques générales
  • Ce quiz a été pris 362 fois
  • Le résultat moyen est 9 sur 20
Statistiques - réponses
Question Indice Réponses % Correct
Quelles sont les langues officielles ? Arabe
99%
Ce pays est plus grand que la France (oui/non) Oui
64%
Le principal aéroport est C Casablanca
61%
Quels pays ont assuré un protectorat sur celui-ci ? France
59%
La religion majoritaire est Islam
59%
Code sur les plaques minéralogiques MA
57%
Le suffixe internet est ma
57%
Achats à faire 2/ Huile d' argan
55%
Dans la capitale quel est le décalage horaire avec Paris ? (+ ou - et chiffre) ex - 10 - 1
52%
Quels pays ont assuré un protectorat sur celui-ci ? Espagne
52%
Achats à faire 1/ Chaussures Babouches
43%
Achats à faire 4/ Vêtement Djellaba
42%
Quels est le climat local ? M Méditerranéen
39%
Achats à faire 3/ Eau de Rose
36%
Quelle est la monnaie ? Dirham marocain
29%
Quelles sont les principaux lieux touristiques ? E Medina d'{Essaouira}
26%
Quel est le régime du pays ? Monarchie constitutionnelle
23%
Quelles sont les langues officielles ? Amazighe
22%
Quelles sont les principaux lieux touristiques ? C Ville de {Chefchaouen}
20%
Quelles sont les principaux lieux touristiques ? A Ksour d'{Aït-Benhaddou}
6%
Aucun quiz correspondant
Distribution des résultats
% des personnes avec chaque résultat
Percentile par nombre de réponses
Votre historique - résultats
Vous n’avez pas pris ce quiz